Indonesia, Scale 1:500,000, TPC M-11AG, June 3, 1974.

Bibliographic Details
Corporate Author: United States. National Imagery and Mapping Agency
Format: Government Document Book
Language:English
Published: [Place of publication not identified] : [publisher not identified], [1999?]

MARC

Tag First Indicator Second Indicator Subfields
LEADER 00000cam a22000007a 4500
001 in00000005988
005 20150927203248.0
008 990816s1999 xxu f000 0 eng d
035 |a (OCoLC) 
035 |a tmp97155461 
035 |9 AJK0013AM 
040 |a MvI  |c MvI  |d UtOrBLW 
049 |a MAPS 
074 |a 0378-E-05 
086 0 |a D 5.354:TPC M-11 AG/974 
245 0 0 |a Indonesia, Scale 1:500,000, TPC M-11AG, June 3, 1974. 
264 1 |a [Place of publication not identified] :  |b [publisher not identified],  |c [1999?] 
336 |a text  |b txt  |2 rdacontent 
337 |a unmediated  |b n  |2 rdamedia 
338 |a volume  |b nc  |2 rdacarrier 
500 |a Shipping List #: 99-2007-S 
500 |a Shipping List Date: 07/28/99 
710 1 |a United States.  |b National Imagery and Mapping Agency. 
999 |a MARS 
999 f f |s f2b827a6-06cd-3936-b6a7-a8821f92a31a  |i 628de5ac-fabb-3034-b126-a10b9dfb4ccd  |t 0 
952 f f |p noncirc  |a Texas A&M University  |b College Station  |c Sterling C. Evans Library  |d Evans: Maps (2nd floor)  |t 0  |e D 5.354:TPC M-11 AG/974  |h Superintendent of Documents classification  |i unmediated -- volume  |m A14824330377 
998 f f |a D 5.354:TPC M-11 AG/974  |t 0  |l Evans: Maps (2nd floor)